| 000 | 00574nam a22001937a 4500 | ||
|---|---|---|---|
| 003 | OSt | ||
| 005 | 20140310182327.0 | ||
| 008 | 130920t xxu||||| |||| 00| 0 eng d | ||
| 020 | _a9812550208 | ||
| 050 |
_aPE 1128 _b.Y19g3 2007 |
||
| 082 |
_aGS 428 _bY1-b3 2007 |
||
| 100 |
_aYam, Peter _921213 |
||
| 245 |
_aGrammar & usage : _bprimary level book 3 / _cPeter Yam. |
||
| 260 |
_aSingapore : _bSingapore Asian Publications, _c2007. |
||
| 300 |
_a190 p. : _bill. ; _c23 cm. |
||
| 650 |
_aEnglish language _xStudy and teaching _921214 |
||
| 942 |
_2lcc _cBK-GS |
||
| 999 |
_c11917 _d11917 |
||